Statystyki dla Mistrzowie Świata w 5 największych zespołowych sportach świata

Kliknij tutaj aby rozwiązać quiz!

Ogólne statystyki

  • Ten quiz został rozwiązany 253 razy
    (238 od ostatniego zresetowania)
  • Średni wynik to 13 z 21

Statystyki odpowiedzi

Piłka NożnaKrykietKoszykówkaHokej Na TrawieSiatkówkaPaństwo% Poprawnych
50203Brazylia
99%
20000Francja
95%
40020Niemcy
95%
20100Argentyna
92%
40003Włochy
92%
10200Hiszpania
91%
00003Polska
91%
00501USA
91%
11000Anglia
82%
20000Urugwaj
68%
00030Holandia
65%
05030Australia
62%
02010Indie
62%
00010Belgia
56%
00306ZSRR
50%
00500Jugosławia
38%
01040Pakistan
34%
00002Czechosłowacja
33%
00001NRD
20%
01000Sri Lanka
10%
02000Bahamy (Indie Zachodnie)
3%

Rozkład punktacji

Percentyl według liczby udzielonych odpowiedzi

Procent ludzi z każdym wynikiem

Twoja historia wyników

Nie rozwiązałeś tego quizu od ostatniego zresetowania